Najaruṃ lāge. (Record no. 72378)

MARC details
000 -LEADER
fixed length control field 00570cam a22002291 4500
001 - CONTROL NUMBER
control field sa 67001098
003 - CONTROL NUMBER IDENTIFIER
control field DLC
005 - DATE AND TIME OF LATEST TRANSACTION
control field 20260227112319.0
008 - FIXED-LENGTH DATA ELEMENTS--GENERAL INFORMATION
fixed length control field 890609s1965 ii 000 0 gujo
010 ## - LIBRARY OF CONGRESS CONTROL NUMBER
LC control number sa 67001098
035 ## - SYSTEM CONTROL NUMBER
System control number (OCoLC)19844196
040 ## - CATALOGING SOURCE
Original cataloging agency DLC
Transcribing agency WaU
Modifying agency DLC
042 ## - AUTHENTICATION CODE
Authentication code premarc
050 00 - LIBRARY OF CONGRESS CALL NUMBER
Classification number PK1856
Item number .D3
100 1# - MAIN ENTRY--PERSONAL NAME
Personal name Dalāla, Sureśa Purushottamadāsa,
Dates associated with a name 1932-2012.
245 10 - TITLE STATEMENT
Title Najaruṃ lāge.
260 ## - PUBLICATION, DISTRIBUTION, ETC.
Date of publication, distribution, etc. [1965]
300 ## - PHYSICAL DESCRIPTION
Extent 322 p.
Dimensions 19 cm.
500 ## - GENERAL NOTE
General note In Gujarati.
650 #0 - SUBJECT ADDED ENTRY--TOPICAL TERM
Topical term or geographic name entry element Gujarati poetry.
700 1# - ADDED ENTRY--PERSONAL NAME
Personal name Malji, Bhal,
Dates associated with a name 1921-

No items available.

Powered by Koha